<?xml version="1.0" encoding="UTF-8"?>
<record
    xmlns:xsi="http://www.w3.org/2001/XMLSchema-instance"
    xsi:schemaLocation="http://www.loc.gov/MARC21/slim http://www.loc.gov/standards/marcxml/schema/MARC21slim.xsd"
    xmlns="http://www.loc.gov/MARC21/slim">

  <leader>00881nam a22002417a 4500</leader>
  <controlfield tag="001">174</controlfield>
  <controlfield tag="003">BD-RjUL</controlfield>
  <controlfield tag="005">20211208233127.0</controlfield>
  <controlfield tag="008">140809s1975    bg     | |||| 000 0 ben|d</controlfield>
  <datafield tag="035" ind1=" " ind2=" ">
    <subfield code="a">(BD-RjUL)</subfield>
  </datafield>
  <datafield tag="040" ind1=" " ind2=" ">
    <subfield code="a">BD-RjUL</subfield>
    <subfield code="b">ben</subfield>
    <subfield code="c">BD-RjUL</subfield>
  </datafield>
  <datafield tag="041" ind1=" " ind2=" ">
    <subfield code="a">ben</subfield>
  </datafield>
  <datafield tag="082" ind1=" " ind2=" ">
    <subfield code="2">&#x9E8;&#x9E7;</subfield>
    <subfield code="a">&#x9EE;&#x9EF;&#x9E7;.&#x9EA;&#x9EA;&#x9E7;</subfield>
    <subfield code="b">&#x9AE;&#x9C1;&#x996;&#x9CB;&#x995;&#x9BE;  &#x9E7;&#x9EF;&#x9ED;&#x9EB;</subfield>
  </datafield>
  <datafield tag="100" ind1=" " ind2=" ">
    <subfield code="a">&#x9AE;&#x9C1;&#x996;&#x9CB;&#x9AA;&#x9BE;&#x9A7;&#x9CD;&#x9AF;&#x9BE;&#x9AF;&#x9BC;, &#x9B8;&#x9C1;&#x9AD;&#x9BE;&#x9B7;.</subfield>
    <subfield code="9">547</subfield>
  </datafield>
  <datafield tag="245" ind1=" " ind2=" ">
    <subfield code="a">&#x995;&#x9BE;&#x9AC;&#x9CD;&#x9AF; &#x9B8;&#x982;&#x995;&#x9B2;&#x9A8; /</subfield>
    <subfield code="c">&#x9B8;&#x9C1;&#x9AD;&#x9BE;&#x9B7; &#x9AE;&#x9C1;&#x996;&#x9CB;&#x9AA;&#x9BE;&#x9A7;&#x9CD;&#x9AF;&#x9BE;&#x9AF;&#x9BC;.</subfield>
  </datafield>
  <datafield tag="250" ind1=" " ind2=" ">
    <subfield code="a">&#x9E7;&#x9AE; &#x9B8;.</subfield>
  </datafield>
  <datafield tag="260" ind1=" " ind2=" ">
    <subfield code="a"> &#x9A2;&#x9BE;&#x995;&#x9BE; :</subfield>
    <subfield code="b">&#x9B2;&#x9BE;&#x9B2;&#x9A8; &#x9AA;&#x9CD;&#x9B0;&#x995;&#x9BE;&#x9B6;&#x9A8;&#x9C0;,</subfield>
    <subfield code="c">1975.</subfield>
  </datafield>
  <datafield tag="300" ind1=" " ind2=" ">
    <subfield code="a">&#x9E8;&#x9ED;&#x9EF; &#x9AA;&#x9C3;. :</subfield>
    <subfield code="c">&#x9E7;&#x9EE; &#x9B8;&#x9C7; .&#x9AE;&#x9BF;.</subfield>
  </datafield>
  <datafield tag="526" ind1=" " ind2=" ">
    <subfield code="a">generalities.</subfield>
    <subfield code="b">generalities.</subfield>
  </datafield>
  <datafield tag="650" ind1=" " ind2=" ">
    <subfield code="2">SLSH</subfield>
    <subfield code="a">&#x9AC;&#x9BE;&#x982;&#x9B2;&#x9BE; &#x9B8;&#x9BE;&#x9B9;&#x9BF;&#x9A4;&#x9CD;&#x9AF;</subfield>
    <subfield code="9">548</subfield>
    <subfield code="y">&#x995;&#x9AC;&#x9BF;&#x9A4;&#x9BE;</subfield>
  </datafield>
  <datafield tag="650" ind1=" " ind2=" ">
    <subfield code="a">Bengali Literature</subfield>
    <subfield code="y">poetry</subfield>
    <subfield code="9">111835</subfield>
  </datafield>
  <datafield tag="942" ind1=" " ind2=" ">
    <subfield code="2">ddc</subfield>
    <subfield code="c">BK</subfield>
  </datafield>
  <datafield tag="999" ind1=" " ind2=" ">
    <subfield code="c">174</subfield>
    <subfield code="d">174</subfield>
  </datafield>
  <datafield tag="952" ind1=" " ind2=" ">
    <subfield code="0">0</subfield>
    <subfield code="1">0</subfield>
    <subfield code="2">ddc</subfield>
    <subfield code="4">0</subfield>
    <subfield code="7">1</subfield>
    <subfield code="8">NFIC</subfield>
    <subfield code="a">RUCL</subfield>
    <subfield code="b">RUCL</subfield>
    <subfield code="c">Reading</subfield>
    <subfield code="d">1984-04-10</subfield>
    <subfield code="e">1984-04-10</subfield>
    <subfield code="g">25.00</subfield>
    <subfield code="l">0</subfield>
    <subfield code="o">B 891.441 SUK 1975</subfield>
    <subfield code="r">2013-11-09 00:00:00</subfield>
    <subfield code="t">C-1</subfield>
    <subfield code="w">2021-12-08</subfield>
    <subfield code="y">BK</subfield>
  </datafield>
</record>
